Biblical Covenants - Statistics

General Stats
  • This quiz has been taken 28 times
  • The average score is 5 of 5
Answer Stats
Answer % Correct
Noahic
96%
Abrahamic
92%
New Covenant
92%
Davidic
88%
Mosaic
83%
No matching quizzes found
Score Distribution
Percent of People with Each Score
Percentile by Number Answered
Your Score History
You have not taken this quiz